ជីងចក់និងពីងពាង / (Record no. 8908)
[ view plain ]
| 000 -LEADER | |
|---|---|
| fixed length control field | 03932nam a22003257a 4500 |
| 001 - CONTROL NUMBER | |
| control field | 8908 |
| 003 - CONTROL NUMBER IDENTIFIER | |
| control field | FISKH |
| 005 - DATE AND TIME OF LATEST TRANSACTION | |
| control field | 20251031095851.0 |
| 008 - FIXED-LENGTH DATA ELEMENTS--GENERAL INFORMATION | |
| fixed length control field | 251031b cb ||||| |||| 00| 0 eng d |
| 020 ## - INTERNATIONAL STANDARD BOOK NUMBER | |
| International Standard Book Number | 9789995001834 |
| 040 ## - CATALOGING SOURCE | |
| Original cataloging agency | FISKH |
| Language of cataloging | khr |
| Transcribing agency | FISKH |
| Modifying agency | FISKH |
| 050 ## - LIBRARY OF CONGRESS CALL NUMBER | |
| Classification number | PZ7 |
| 082 ## - DEWEY DECIMAL CLASSIFICATION NUMBER | |
| Classification number | 595.7 |
| 100 ## - MAIN ENTRY--PERSONAL NAME | |
| Personal name | Ralin, Sok |
| 245 ## - TITLE STATEMENT | |
| Title | ជីងចក់និងពីងពាង / |
| Statement of responsibility, etc. | អ្នកនិពន្ធ លោក សុខ រ៉ាលីន , អ្នករៀបរៀង លោក អ៊ាន ភាង និង លោកស្រី ងួន សាកល |
| 250 ## - EDITION STATEMENT | |
| Edition statement | បោះពុម្ពលើកទី១ ឆ្នាំ ២០១៣ |
| 260 ## - PUBLICATION, DISTRIBUTION, ETC. | |
| Place of publication, distribution, etc. | ភ្នំពេញ : |
| Name of publisher, distributor, etc. | គ្រឹះស្ថានបោះពុម្ពនិងចែកផ្សាយ , |
| Date of publication, distribution, etc. | ២០១៣ . |
| 300 ## - PHYSICAL DESCRIPTION | |
| Extent | 8 pages : |
| Other physical details | color illustrations ; |
| Dimensions | 17 x 17 cm . |
| 490 ## - SERIES STATEMENT | |
| Series statement | រឿងនិទានអប់រំសម្រាប់កុមារ |
| 505 ## - FORMATTED CONTENTS NOTE | |
| Formatted contents note | P <br/> |
| 520 ## - SUMMARY, ETC. | |
| Summary, etc. | សត្វជីងចក់និងពីងពាងរកសុីចូលគ្នាក្រោមដំបូលផ្ទះតែមួយ ។ ក្រោយមកសត្វទាំង២ក៏មានកូនចៅរៀងខ្លួន ពីងពាងក៏មានគំនិតចង់អោយរកសុីបែកគ្នា ដោយសារតែជីងចក់មានកូនច្រើន ។ ពីមួយថ្ងៃទៅមួយថ្ងៃកូនជីងចក់ស្គមទៅៗ មេជីងចក់ក៏អង្វរសុំចែកចំណិអាហារតែពីងពាងបែរជាស្តីបន្ទោសទៅវិញ ។ នាល្ងាចមួយមានភ្លៀងធ្លាក់ខ្លាំងធ្វើអោយដាច់សម្បុកពីងពាង ពីងពាងគ្មានទីជំរកក៏មកសុំជីងចក់ស្នាក់នៅ ។ មេពីងពាងបានចាត់កូនចៅអោយធ្វើសម្បុកសាជាថ្មី ។ ធ្វើមិនទាន់រួចផងក៏មានអំបោសដងវែង មកវ័ធពីក្រោយខ្នង ។ គ្រួសារពីងពាងធ្លាក់ពេញដីខ្លះបាក់ដៃ បាក់ជើង ។ ឃើញដូចនេះក្រុមគ្រួសារជីងចក់បានជួយសង្គ្រោះនិងផ្តល់កន្លែងស្នាក់នៅម្តងទៀត ។ |
| 520 ## - SUMMARY, ETC. | |
| Summary, etc. | The grasshopper and the spider lived together under the same roof, sharing their food. Later on, both animals had their own offspring. The spider began to think that they should live separately because the grasshopper had too many children. As days went by, the grasshopper’s children became thinner and thinner. The mother grasshopper begged the spider to share some food, but instead of helping, the spider scolded her harshly. One evening, there was a heavy rainstorm that destroyed the spider’s web. Having no shelter, the spider came to ask the grasshopper for a place to stay. The mother spider then ordered her children to rebuild their web.<br/>Before they could finish, a long-tailed lizard came from behind and swept them away. The spider family fell to the ground—some broke their legs, some their arms. Seeing this, the grasshopper’s family came to help them, offering food and shelter once again. |
| 521 8# - TARGET AUDIENCE NOTE | |
| Target audience note | 650 <br/> |
| Source | Lexile estimate <br/> |
| 521 8# - TARGET AUDIENCE NOTE | |
| Target audience note | P <br/> |
| Source | Raz-Plus <br/> |
| 650 ## - SUBJECT ADDED ENTRY--TOPICAL TERM | |
| Topical term or geographic name entry element | ជីងចក់និងពីងពាង |
| Form subdivision | រឿងនិទានកុមារ |
| 650 ## - SUBJECT ADDED ENTRY--TOPICAL TERM | |
| Topical term or geographic name entry element | Lizard and spider |
| Form subdivision | Children's Stories |
| 700 ## - ADDED ENTRY--PERSONAL NAME | |
| Personal name | Puthvisal, Prom |
| Relator term | Illustrator |
| 942 ## - ADDED ENTRY ELEMENTS (KOHA) | |
| Source of classification or shelving scheme | Dewey Decimal Classification |
| Koha item type | Khmer Books |
| Suppress in OPAC | No |
| Withdrawn status | Lost status | Source of classification or shelving scheme | Damaged status | Not for loan | Collection | Home library | Current library | Shelving location | Date acquired | Total Checkouts | Full call number | Barcode | Date last seen | Copy number | Price effective from | Koha item type |
|---|---|---|---|---|---|---|---|---|---|---|---|---|---|---|---|---|
| Dewey Decimal Classification | Khmer Language Books / សៀវភៅភាសាខ្មែរ | Footprints International School Library Network Toul Tom Poung Campus | Footprints International School Library Network Toul Tom Poung Campus | TTP Primary Khmer Bookshelves | 10/31/2025 | SOK PZ7 595.7 | FIS01240 | 10/31/2025 | 1 | 10/31/2025 | Khmer Books | |||||
| Dewey Decimal Classification | Khmer Language Books / សៀវភៅភាសាខ្មែរ | Footprints International School Library Network Toul Tom Poung Campus | Footprints International School Library Network Toul Tom Poung Campus | TTP Primary Khmer Bookshelves | 12/12/2025 | SOK PZ7 595.7 | FIS01436 | 12/12/2025 | 2 | 12/12/2025 | Khmer Books |
